000 00333nam a22001217a 4500
082 _a638
_bPRA
_cL-NUST, P-43
100 _aPrakash. Ved
_936427
245 _aMy big book of insects & reptiles
260 _aIndia
_bDreamland publications
_c1992
300 _ap-48
_bill
526 _a0
_b0
_c0
_d638_000000000000000_PRA
942 _2ddc
_cBK
999 _c550147
_d550147